Touriste ou Habitant ? - Statistiques

Statistiques générales
  • Ce quiz a été pris 100 fois
    95 depuis la dernière actualisation
  • Le résultat moyen est 13 sur 22
Statistiques - réponses
Hint Explanation Réponse % Correct
Paris Habitants 2.1M Touristes 30M Touristes
94%
Las Vegas Habitants 0.65M - Touristes 40M Touristes
91%
Athènes Habitants 1M - Touristes 3.5M Touristes
78%
Copenhague Habitants 0.8M - Touristes 1.3M Touristes
69%
Buenos Aires Habitants 15M - Touristes 3.5M Habitants
68%
Lima Habitants 9.8M - Touristes 2.2M Habitants
68%
Jakarta Habitants 11M - Touristes 2.4M Habitants
68%
Hanoï Habitants 8M - Touristes 3.2M Habitants
64%
Reykjavik Habitants 0.13M - Touristes 2M Touristes
63%
Prague Habitants 1.3M - Touristes 8M Touristes
61%
Tokyo Habitants 14M - Touristes 10M Habitants
59%
Bangkok Habitants 10M - Touristes 22M Touristes
59%
Dubrovnik Habitants 0.042M - Touristes 1.5M Touristes
57%
Hô Chi Minh-Ville Habitants 9M - Touristes 4M Habitants
55%
San Francisco Habitants 0.8M - Touristes 2.5M Touristes
52%
Montréal Habitants 1.7M - Touristes 4.1M Touristes
52%
Seoul Habitants 9.4M - Touristes 13M Touristes
48%
Istanbul Habitants 15.5M - Touristes 13.4M Habitants
46%
Le Caire Habitants 10M - Touristes 3M Habitants
45%
Zagreb Habitants 0.8M - Touristes 1.2M Touristes
41%
Chicago Habitants 2.7M - Touristes 6M Touristes
32%
Berlin Habitants 3.6M- Touristes 6.5M Touristes
31%
Aucun quiz correspondant
Distribution des résultats
% des personnes avec chaque résultat
Percentile par nombre de réponses
Votre historique - résultats
Vous n’avez pas pris ce quiz depuis la dernière actualisation